التخلف الإجتماعي : (Record no. 13857)
[ view plain ]
| 000 -الفاتح | |
|---|---|
| حقل البيانات ثابتة الطول | 00895nam a22001937a 4500 |
| 008 - عناصر البيانات ثابتة الطول - معلومات عامة | |
| حقل البيانات ثابتة الطول | 100407s2007 mr|||||r|||| 001 0 ara d |
| 020 ## - الرقم الدولى المعيارى للكتب | |
| الرقم الدولى المعيارى للكتاب | 9789953680752 |
| 082 ## - رقم تصنيف ديوى العشرى | |
| رقم الطبعة | 22 |
| رقم التصنيف | 301 |
| رقم المادة | ح ج ا |
| 100 ## - المدخل الرئيسى - إسم شخصى | |
| 9 (RLIN) | 13376 |
| الإسم الشخصى | حجازي، مصطفى |
| 245 ## - بيان العنوان | |
| العنوان | التخلف الإجتماعي : |
| بقية العنوان | مدخل إلى سيكولوجية الإنسان المقهور / |
| بيان المسئوليه,etc | مصطفى حجازي |
| 250 ## - بيان الطبعة | |
| بيان الطبعة | ط 10 |
| 260 ## - PUBLICATION, DISTRIBUTION, ETC. (IMPRINT) | |
| مكان الناشر او الموزع | الدار البيضاء : |
| اسم الناشر او الموزع | المركز الثقافي العربي ، 2007 |
| تاريخ النشر أو التوزيع | 2007 |
| 300 ## - الوصف المادى | |
| التعداد | 255 ؛ ص |
| أبعاد الوعاء | 23 سم |
| 504 ## - تبصرة ببليوجرافية | |
| تبصرة ببليوجرافية,الخ | يشتمل على ببليوجرافية ص 231-232 وكشاف |
| 650 ## - المدخل الاضافى بالموضوع-مصطلح موضوعى | |
| 9 (RLIN) | 13377 |
| مصطلح موضوعي أو اسم جغرافي كعنصر مدخل | التخلف الإجتماعي |
| 650 ## - المدخل الاضافى بالموضوع-مصطلح موضوعى | |
| 9 (RLIN) | 13378 |
| مصطلح موضوعي أو اسم جغرافي كعنصر مدخل | القهر الإجتماعي |
| 942 ## - عناصر المدخل الإضافي( كوها) | |
| مصدر التصنيف او مخطط الترفيف | Dewey Decimal Classification |
| Koha [default] item type | Book - Borrowing |
| حالة التراجع | حالة الفقد | مصدر التصنيف او خطة الترفيف | حالة تلف | ليس للاعارة | مجموعات كوها | المكان الدائم | المكان الحالي | موقع الترفيف | تاريخ الاكتساب | Source of acquisition | سعر الشراء الطبيعي | تعداد مسلسل / التسلسل الزمني | رقم الاستدعاء | الباركود | Date last seen | مُعار | نوع الوعاء |
|---|---|---|---|---|---|---|---|---|---|---|---|---|---|---|---|---|---|
| Dewey Decimal Classification | المركز الثقافى العربي | Central Library | Central Library | First floor | 07/04/2010 | 35.00 | 1 | 301 حجا | 000020563 | 15/07/2025 | 14/10/2024 | Book - Borrowing |